Zhodnotenie čerpania povstupovej pomoci z fondov EÚ dizertačná práca

Gespeichert in:
Bibliographische Detailangaben
1. Verfasser: Hricová, Mária
Körperschaft: Fakulta podnikového manažmentu EU. Katedra manažmentu
Weitere Verfasser: Šúbertová, Elena
Format: Buch
Sprache:Slowakisch
Veröffentlicht: Bratislava 2009
Schlagworte:
Tags: Tag hinzufügen
Keine Tags, Fügen Sie das erste Tag hinzu!

MARC

LEADER 00000nam$a2200000$$$4500
001 0098314
005 20240502072103.4
041 0 |a slo 
044 |a SK 
245 1 0 |a Zhodnotenie čerpania povstupovej pomoci z fondov EÚ  |b dizertačná práca  |c Mária Hricová Hudáková ; škol. Elena Šúbertová 
264 1 |a Bratislava  |c 2009 
300 |a 198 s. 
610 2 0 |a pomoc medzinárodná 
610 2 0 |a pomoc finančná 
610 2 0 |a fondy štruktúrne 
100 1 |a Hricová, Mária 
700 1 |a Šúbertová, Elena 
710 2 |a Fakulta podnikového manažmentu EU. Katedra manažmentu